La filosofía del comunismo / (Record no. 95887)

MARC details
000 -LEADER
campo de control de longitud fija 00705nam a2200193 i 4500
001 - NÚMERO DE CONTROL
campo de control 95887
003 - IDENTIFICADOR DE NÚMERO DE CONTROL
campo de control ES-MaACL
005 - FECHA Y HORA DE LA ÚLTIMA TRANSACCIÓN
campo de control 20230906181808.0
007 - CAMPO FIJO DE DESCRIPCIÓN FÍSICA--INFORMACIÓN GENERAL
campo de control de longitud fija t|
008 - DATOS DE LONGITUD FIJA--INFORMACIÓN GENERAL
campo de control de longitud fija 050607s1949 sp ||||1| spa d
100 1# - ENTRADA PRINCIPAL--NOMBRE DE PERSONA
Nombre de persona Mac Fadden, Charles J.
9 (RLIN) 75025
245 13 - MENCIÓN DEL TÍTULO
Título La filosofía del comunismo /
Mención de responsabilidad, etc. por Charles J. McFedden...; prólogo de Mons, Fulton J. Sheen...; traducción del inglés de la última edición norteamericana por el R. P. Lope Cilleruelo.
260 ## - PUBLICACIÓN, DISTRIBUCIÓN, ETC.
Lugar de publicación, distribución, etc. Valladolid :
Nombre del editor, distribuidor, etc. S.E.V.E.R.,
Fecha de publicación, distribución, etc. 1949.
300 ## - DESCRIPCIÓN FÍSICA
Extensión XXXII, 421 p. ;
Dimensiones 22 cm.
700 ## - ENTRADA AGREGADA--NOMBRE PERSONAL
Nombre de persona Sheen, Fulton J.
Fechas asociadas al nombre 1895-1979
9 (RLIN) 227301
700 1# - ENTRADA AGREGADA--NOMBRE PERSONAL
Nombre de persona Lope Cilleruelo, R. P.
9 (RLIN) 73277
852 ## - LOCALIZACIÓN
Ubicación ES-MaACL
Número de control de estantería D-8061
Sublocalización o colección R.28948
Holdings
Estatus retirado Estado de pérdida Estado de daño No para préstamo Biblioteca de origen Biblioteca actual Ubicación en estantería Fecha de adquisición Fuente de adquisición Total de préstamos Signatura topográfica completa Código de barras Visto por última vez Precio de reemplazo Tipo de ítem Koha
        Biblioteca del Ateneo de Madrid Biblioteca del Ateneo de Madrid Sala Valle Inclán 17/01/2008     D-8061 901100120 23/02/2023 23/02/2023 Libro impreso